00643nam a2200193Ia 4500003000400000005001700004008004100021020001800062050002400080100002400104245008600128260003500214300003300249440000600282521000700288526000800295650007000303650007600373OSt20140324092543.0140130s9999 xx 000 0 und d a9780399237386 aM 973.3bSa132 2005 aSt. George, Judith. cJudith St. George.aThe journey of the one and only declaration of independence / bScholastic Inc,cc2005.aUSA : a45 p. :bcol. ill. ;c23 cm. v1 aG7 c890 aUnited States. Declaration of IndependencexJuvenile literature.  aUnited StatesxPolitics and governmentx1775-1783xJuvenile literature.